Neighbourhood planning: (Record no. 115207)

MARC details
000 -LEADER
fixed length control field 01046cad a22002535a 4500
001 - CONTROL NUMBER
control field L158222
008 - FIXED-LENGTH DATA ELEMENTS--GENERAL INFORMATION
fixed length control field 130206s2014 xxk f 000 0 eng d
020 ## - INTERNATIONAL STANDARD BOOK NUMBER
International Standard Book Number 9781783210374
035 ## - SYSTEM CONTROL NUMBER
System control number (Sirsi) u158222
041 0# - LANGUAGE CODE
Language code of text/sound track or separate title eng
110 2# - MAIN ENTRY--CORPORATE NAME
Corporate name or jurisdiction name as entry element Royal Institution of Chartered Surveyors
9 (RLIN) 4900
245 ## - TITLE STATEMENT
Title Neighbourhood planning:
Remainder of title involving businesses and landowners
Medium [electronic resource]
260 ## - PUBLICATION, DISTRIBUTION, ETC.
Place of publication, distribution, etc. London
Name of publisher, distributor, etc. RICS
Date of publication, distribution, etc. 2014
300 ## - PHYSICAL DESCRIPTION
Extent 13p
490 #0 - SERIES STATEMENT
Series statement RICS Information Paper
520 ## - SUMMARY, ETC.
Summary, etc. Gives background information on the introduction of permissive rights for communities and businesses to prepare Neighbourhood Plans and Neighbourhood Development Orders.
590 ## - LOCAL NOTE (RLIN)
Local note KA
650 24 - SUBJECT ADDED ENTRY--TOPICAL TERM
Topical term or geographic name entry element COMMUNITY INFRASTRUCTURE LEVY
651 #4 - SUBJECT ADDED ENTRY--GEOGRAPHIC NAME
Geographic name United Kingdom
Chronological subdivision
690 ## - LOCAL SUBJECT ADDED ENTRY--TOPICAL TERM (OCLC, RLIN)
Topical term or geographic name as entry element Planning and development
9 (RLIN) 6259
856 40 - ELECTRONIC LOCATION AND ACCESS
Uniform Resource Identifier <a href="https://www.rics.org/Global/Neighbourhood_planning_-_involving_businesses_and_landowners_1st_edition_PGguidance_2014.pdf">https://www.rics.org/Global/Neighbourhood_planning_-_involving_businesses_and_landowners_1st_edition_PGguidance_2014.pdf</a>
Public note View the guidance free of charge (member-only content) at www.rics.org
942 ## - ADDED ENTRY ELEMENTS (KOHA)
Suppress in OPAC 0
Holdings
Withdrawn status Lost status Source of classification or shelving scheme Damaged status Not for loan Home library Current library Shelving location Date acquired Total Checkouts Full call number Barcode Date last seen Copy number Price effective from Koha item type
    Dewey Decimal Classification     Virtual Virtual Online 17/10/2014   ONLINE PUBLICATION 158222 06/08/2019 1 06/08/2019 Book